1509 1381 1461 1498 1726 1255 1334 1074 1298 1681 1933 1941 1483 1616 1558 1576 1269 1476 1124 1866 1007 1789 1171 1525 1396 1072 1491 1036 1643 1746 1174 1268 1279 1174 1719 1253 1161 1067 1904 1802 1798 1628 1888 1263 1317 1731 1330 1936 1743 1012 1149 1188 1307 1643 1848 1511 1318 1935 1803 1736 1206 1611 1465 1145 1656 1670 1424 1115 1114 1942 1202 1608 1590 1726 1740 1512 1928 1483 1670 1600 1787 1131 1127 1942 1005 1204 1334 1728 1355 1316 1915 1041 1952 1234 1153 1948 1103 1150 1326 BCNSPRNW ULIB Ver.6.0+V

เปลี่ยนเป็นภาษาไทย

Change to English
 แสดงรายละเอียดบรรณานุกรม
  กลับหน้าหลัก

Brief Record : Get Marc (ISO 2709) : E-mail record : QR code < ปิดหน้าต่าง
LEADER : 00000nam 2200000uu 4500
001    13399123165
003     ULIB
008    020711s2552 th a 000 0 tha d
020    9789748217932
090    นว.^bฬ111ร ล.1
100    ฬีฬา
110    ยาหยี-ยาใจ
245    รหัสรักในดวงใจ 1/^cฬีฬา
250    พิมพ์ครั้งที่ 2
260    กรุงเทพฯ :^bยาหยี-ยาใจ,^c2552
300    296 หน้า;^b21 ซม.
945    ^p200^l0^i034422
999    ^aเกษร โพธิ์สุวรรณ
รายการนี้ยังไม่มีแท็ก
คุณยังไม่ได้ล็อกอิน คุณสามารถมีกิจกรรมร่วมกับเว็บไซต์ได้ แต่ต้องล็อกอินก่อน ::
  ล็อกอิน

รายการสื่อสารสนเทศ

ลำดับที่ ประเภท เลขเรียก/บาร์โค้ด สถานที่ สถานะ
1. นวนิยาย
นวนิยาย
นว. ฬ111ร ล.1 ฉ.1 
  Barcode: 034422
ห้องสมุดวิทยาเขตสวรรค์ประชารักษ์
►นวนิยาย
บนชั้น
  ขอยืม

รายการใกล้เคียง
    ผู้แต่ง [ฬีฬา]

BibComment


ยังไม่เคยถูกคอมเมนท์

คอมเมนท์ทรัพยากรรายการนี้
  คอมเมนท์: รหัสรักในดวงใจ 1 ..


 Copyright 2026. Bcnsprnw @Library